Statistiques concernant Algorithmique - Les opérateurs

Cliquez ici pour prendre le quiz!

Statistiques générales

  • Ce quiz a été pris 54 fois
  • Le résultat moyen est 11 sur 17

Statistiques - réponses

HintRéponse% Correct
+addition
concaténation
86%
>supérieur
83%
<inférieur
81%
<=inférieur ou égal
79%
andet
76%
>=supérieur ou égal
74%
orou
71%
notnégation
69%
/division
67%
==identique
64%
-soustraction
60%
*produit
répétition
52%
%modulo
45%
**exposant
43%
=affectation
40%
!=différent
40%
//division entière
40%

Distribution des résultats

Percentile par nombre de réponses

% des personnes avec chaque résultat

Votre développement - résultats

Vous n’avez pas pris ce quiz